| 000 | 01092nam a22002657a 4500 | ||
|---|---|---|---|
| 999 |
_c8365 _d8365 |
||
| 005 | 20191217042143.0 | ||
| 008 | 140407s2006 ve abdogr|||| 00| 0 spa d | ||
| 020 | _a9803182102 | ||
| 040 |
_aCO-BoIAVH _cCO-BoIAVH |
||
| 041 | _aspa | ||
| 044 | _ave | ||
| 082 |
_a597.0723 _bF36c |
||
| 100 | 1 | _aFernández, Justa María | |
| 245 | 1 | 0 |
_aCatálogo ilustrado de los peces de la cuenca del Río Cataniapo: _bagenda agroambiental amazonas / _cJusta María Fernández, Francisco Provenzano R., Carlos Andrés Lasso A. |
| 260 | 3 |
_aMaracay: _bGerencia de Negociación Tecnológica del Instituto Nacional de Investigaciones Agrícolas, _c2006. |
|
| 300 |
_a271 p. _bil., fot., mapas, tablas _c29 cm |
||
| 504 | _aIncluye bibliografía (páginas 267 - 271) | ||
| 650 | 4 |
_aPeces de agua dulce _vCatálogo ilustrado _zCataniapo |
|
| 650 | 4 |
_aHábitos alimenticios _xEcología _zVenezuela |
|
| 650 | 4 |
_aTaxonomía _zVenezuela |
|
| 651 | 4 | _aAmazonas | |
| 700 | 1 | _aProvenzano R., Francisco | |
| 700 | 1 | _aLasso A., Carlos Andrés | |
| 942 |
_2ddc _cLIBRO |
||